[Event "TCh-CHN Division A 2014"]
[Site "Jiangmen CHN"]
[Date "2014.12.09"]
[Round "22.2"]
[White "Wang, Chen"]
[Black "Yu, Chaojie"]
[Result "1-0"]
[WhiteTitle "IM"]
[WhiteElo "2508"]
[BlackElo "2107"]
[WhiteTeam "Chongqing"]
[BlackTeam "Qingdao Qingwei"]
[WhiteFideId "8601020"]
[BlackFideId "8608555"]
[EventDate "2014.04.12"]

1. Nf3 d6 2. d4 Bg4 3. Qd3 c6 4. e4 Nd7 5. Nc3 e5 6. Be3 Ngf6 7. Be2 Be7 8. h3
Bh5 9. O-O-O O-O 10. dxe5 dxe5 11. g4 Bg6 12. g5 Nd5 13. Nxd5 cxd5 14. Qxd5 Rc8
15. Qxd7 Rxc2+ 16. Kxc2 Bxe4+ 17. Kb3 Qa5 18. a3 Bc6 19. Qxe7 Bd5+ 20. Rxd5
Qxd5+ 21. Bc4 1-0

[Event "TCh-CHN Division A 2014"]
[Site "Jiangmen CHN"]
[Date "2014.12.09"]
[Round "22.2"]
[White "Motylev, Alexander"]
[Black "Zhou, Jiangnan"]
[Result "1-0"]
[WhiteTitle "GM"]
[WhiteElo "2680"]
[BlackElo "2100"]
[WhiteTeam "Chongqing"]
[BlackTeam "Qingdao Qingwei"]
[WhiteFideId "4121830"]
[BlackFideId "8609918"]
[EventDate "2014.04.12"]

1. e4 c6 2. d4 d5 3. e5 Bf5 4. h4 h6 5. g4 Bd7 6. Be3 e6 7. Nc3 c5 8. dxc5 a6 9.
f4 Qc7 10. h5 Bxc5 11. Qd2 Bxe3 12. Qxe3 Nc6 13. Nf3 Nge7 14. O-O-O O-O-O 15.
Kb1 Kb8 16. Bh3 Na5 17. b3 Rc8 18. Kb2 b5 19. Rc1 Qb7 20. Ne2 b4 21. Nfd4 Bb5
22. Nxb5 Qxb5 23. f5 Nb7 24. Nd4 Qb6 25. Qf4 Nc5 26. Rhd1 Qa5 27. Bg2 Rc7 28.
Ne2 Rhc8 29. Kb1 Qa3 30. Qd4 Qa5 31. c4 bxc3 32. Rxc3 Qb5 33. Nf4 a5 34. Rdc1
Qb4 35. Qxb4+ axb4 36. R3c2 exf5 37. gxf5 Ne4 38. Rxc7 Rxc7 39. Rxc7 Kxc7 40.
Kc2 f6 41. Ne6+ Kd7 42. Bxe4 dxe4 43. Nc5+ Kc6 44. exf6 gxf6 45. Nxe4 Ng8 46.
Nf2 Kc5 47. Kd3 Kd5 48. Ng4 1-0

[Event "TCh-CHN Division A 2014"]
[Site "Jiangmen CHN"]
[Date "2014.12.09"]
[Round "22.2"]
[White "Zhou, Weiqi"]
[Black "Li, Wenxiang"]
[Result "1-0"]
[WhiteTitle "GM"]
[WhiteElo "2614"]
[BlackElo "1846"]
[WhiteTeam "Chongqing"]
[BlackTeam "Qingdao Qingwei"]
[WhiteFideId "8601674"]
[BlackFideId "8609748"]
[EventDate "2014.04.12"]

1. c4 c6 2. Nf3 Nf6 3. g3 d5 4. Bg2 g6 5. b3 Bg7 6. Bb2 O-O 7. O-O Nbd7 8. d3 b6
9. Nc3 Bb7 10. Rc1 Re8 11. cxd5 Nxd5 12. Qd2 e5 13. Ne1 Nc5 14. Nc2 Ne6 15. Ne3
Qd7 16. Nc4 Nxc3 17. Bxc3 Nd4 18. Bb4 Bf8 19. Bxf8 Kxf8 20. e3 Nb5 21. Qb2 Qe6
22. f4 exf4 23. Rxf4 Kg8 24. Rf6 Qd7 25. Rcf1 Re7 26. Ne5 Rxe5 27. Qxe5 Re8 28.
Qf4 Re7 29. Qc4 Nd6 30. Qd4 Nf5 31. Qxd7 Rxd7 32. Bh3 1-0

[Event "TCh-CHN Division A 2014"]
[Site "Jiangmen CHN"]
[Date "2014.12.09"]
[Round "22.2"]
[White "Gao, Hanxue"]
[Black "Huang, Qian"]
[Result "0-1"]
[BlackTitle "WGM"]
[WhiteElo "1766"]
[BlackElo "2464"]
[WhiteTeam "Qingdao Qingwei"]
[BlackTeam "Chongqing"]
[WhiteFideId "8608873"]
[BlackFideId "8602689"]
[EventDate "2014.04.12"]

1. d4 d5 2. c4 dxc4 3. Nf3 Nf6 4. Nc3 c6 5. a4 e6 6. Ne5 Be7 7. Nxc4 c5 8. dxc5
Qxd1+ 9. Kxd1 Bxc5 10. f3 Nc6 11. Be3 Bxe3 12. Nxe3 Ke7 13. Nc2 Rd8+ 14. Ke1 Nd4
15. Nxd4 Rxd4 16. e4 Bd7 17. b3 Rd8 18. Bc4 Bc6 19. Rd1 Rxd1+ 20. Nxd1 Nh5 21.
Ne3 Nf4 22. g3 Nd3+ 23. Ke2 Ne5 24. Rc1 f5 25. f4 Nxc4 26. Nxc4 Bxe4 27. Ne5 Rg8
28. Rc7+ Kd6 29. Rd7+ Kc5 30. Nd3+ Kb6 31. Rd6+ Kc7 32. Rxe6 Bd5 33. Re5 Bxb3
34. Rxf5 Bxa4 35. Ra5 Bb3 36. Rxa7 Bc4 37. Ke3 Ba6 0-1

[Event "TCh-CHN Division A 2014"]
[Site "Jiangmen CHN"]
[Date "2014.12.09"]
[Round "22.2"]
[White "Yang, Yingxia"]
[Black "Tan, Zhongyi"]
[Result "0-1"]
[BlackTitle "WGM"]
[WhiteElo "1827"]
[BlackElo "2465"]
[WhiteTeam "Qingdao Qingwei"]
[BlackTeam "Chongqing"]
[WhiteFideId "8609837"]
[BlackFideId "8603642"]
[EventDate "2014.04.12"]

1. d4 d5 2. c4 e6 3. Nf3 Nf6 4. Nc3 Bb4 5. e3 O-O 6. Bd3 c5 7. O-O cxd4 8. exd4
dxc4 9. Bxc4 b6 10. Qe2 Bb7 11. Rd1 Bxc3 12. bxc3 Qc7 13. Ne5 Nbd7 14. Nxd7 Qxd7
15. Bd2 Ne4 16. f3 Nxd2 17. Qxd2 Bd5 18. Bb3 Rac8 19. Rdc1 Bc4 20. Rab1 Rc7 21.
Qe3 Rfc8 22. Kf2 h6 23. Bxc4 Rxc4 24. Rb3 Qa4 25. Qd2 Qa5 26. Qb2 Qg5 27. Rd1
Qf4 28. g3 Qf5 29. Qd2 Qa5 30. Rb4 Rxc3 31. Rb2 Qh5 32. Kg1 Qxf3 33. Rf1 Qe3+
34. Qxe3 Rxe3 35. Rd1 Rec3 0-1

[Event "TCh-CHN Division A 2014"]
[Site "Jiangmen CHN"]
[Date "2014.12.09"]
[Round "22.3"]
[White "Zhao, Zong-Yuan"]
[Black "Li, Di"]
[Result "1-0"]
[WhiteTitle "GM"]
[BlackTitle "FM"]
[WhiteElo "2569"]
[BlackElo "2209"]
[WhiteTeam "Hebei"]
[BlackTeam "Chengdu"]
[WhiteFideId "3202534"]
[BlackFideId "8607508"]
[EventDate "2014.04.12"]

1. e4 c5 2. Nf3 e6 3. d4 cxd4 4. Nxd4 Nc6 5. Nb5 d6 6. Bf4 e5 7. Be3 Nf6 8. Bg5
a6 9. N5c3 Be7 10. Bxf6 Bxf6 11. Nd2 O-O 12. Nc4 b5 13. Qxd6 Nd4 14. Qxd8 Rxd8
15. Ne3 Bg5 16. Bd3 Bxe3 17. fxe3 Ne6 18. b4 Bb7 19. O-O-O Kf8 20. Kb2 f6 21.
Be2 Ng5 22. Rxd8+ Rxd8 23. Bd3 h5 24. h4 Nf7 25. a4 Nd6 26. axb5 axb5 27. Ra1 f5
28. exf5 e4 29. Be2 Kg8 30. Rd1 Bc6 31. Nxb5 Bxb5 32. Bxb5 Kf8 33. Rd5 Ke7 34.
Be2 Rf8 35. Bxh5 Nc4+ 36. Kb3 1-0

[Event "TCh-CHN Division A 2014"]
[Site "Jiangmen CHN"]
[Date "2014.12.09"]
[Round "22.3"]
[White "Wang, Rui"]
[Black "Liu, Guanchu"]
[Result "1/2-1/2"]
[WhiteTitle "GM"]
[BlackTitle "IM"]
[WhiteElo "2394"]
[BlackElo "2409"]
[WhiteTeam "Hebei"]
[BlackTeam "Chengdu"]
[WhiteFideId "8601003"]
[BlackFideId "8603901"]
[EventDate "2014.04.12"]

1. b3 f5 2. Bb2 Nf6 3. g3 d6 4. Bxf6 gxf6 5. e3 Bg7 6. Qh5+ Kf8 7. Bh3 Qe8 8.
Qxe8+ Kxe8 9. Nf3 Nc6 10. O-O e6 11. c4 Ne5 12. Bg2 c6 13. Nc3 Bd7 14. d4 Nxf3+
15. Bxf3 d5 16. Rab1 Ke7 17. Rfc1 b6 18. Ne2 Rhc8 19. Rc2 Rab8 20. Rbc1 Kd8 21.
Nf4 Bf8 22. Nd3 Ba3 23. Rd1 Ke7 24. Kg2 a5 25. h3 Be8 26. Be2 Bd6 27. Rdc1 Ba3
28. Rb1 Bd6 29. c5 bxc5 30. Nxc5 Bg6 31. f4 e5 32. Nd3 exd4 33. exd4 Ba3 34. Bf3
Kd6 35. Re1 Re8 36. Rxe8 Rxe8 37. Kf2 Re4 38. Bxe4 fxe4 39. Ne1 Bb4 40. Rc1 h5
41. Ke3 Bf5 42. Nc2 Bc3 43. Rh1 Bc8 44. Rh2 f5 45. Rh1 Ba6 46. Rd1 Bb5 47. Na3
Bd3 48. Nb1 Bxb1 49. Rxb1 c5 50. dxc5+ Kxc5 51. a3 d4+ 52. Ke2 Kd5 53. Rc1 d3+
54. Ke3 Bb2 55. Rc8 Bxa3 56. Kd2 Bb4+ 57. Ke3 Bc5+ 58. Kd2 Bb4+ 59. Ke3 Bc5+ 60.
Kd2 Bb4+ 1/2-1/2

[Event "TCh-CHN Division A 2014"]
[Site "Jiangmen CHN"]
[Date "2014.12.09"]
[Round "22.3"]
[White "Wan, Yunguo"]
[Black "Xu, Xiangyu CHN"]
[Result "0-1"]
[WhiteTitle "IM"]
[WhiteElo "2493"]
[BlackElo "2277"]
[WhiteTeam "Hebei"]
[BlackTeam "Chengdu"]
[WhiteFideId "8603189"]
[BlackFideId "8608288"]
[EventDate "2014.04.12"]

1. e4 c5 2. Nf3 d6 3. d4 cxd4 4. Nxd4 Nf6 5. Nc3 Nc6 6. Bc4 Bd7 7. Bb3 g6 8. f3
Nxd4 9. Qxd4 Bg7 10. Be3 O-O 11. Qd2 b5 12. O-O Qc8 13. Bd4 Bc6 14. Rae1 Qb7 15.
Nd5 Bxd5 16. exd5 a5 17. a3 a4 18. Ba2 Rfe8 19. Re2 Nd7 20. Bxg7 Kxg7 21. Qd4+
Nf6 22. Kh1 Qa7 23. Qd2 Rac8 24. c3 Rc5 25. Rd1 h5 26. Qd4 Rc7 27. Qf4 Qb7 28.
Rd4 Rh8 29. h4 Rc5 30. Qd2 Qd7 31. Kg1 Qa7 32. Kf1 Qb7 33. Ke1 Rc7 34. Kd1 Rc5
35. Kc1 Kf8 36. Qg5 Kg7 37. Qd2 Kf8 38. Kb1 Kg7 39. Ka1 Kf8 40. Re1 Kg7 41. g4
hxg4 42. fxg4 Qd7 43. Qe2 Rc7 44. g5 Nh5 45. Re4 Ng3 46. Qf3 Nxe4 47. Rxe4 Rh5
48. Rf4 Qe8 49. Bb1 Rc4 50. Be4 f5 51. Bd3 Rxf4 52. Qxf4 Qh8 53. Qe3 Kf8 54. Qb6
Qe5 55. Bxb5 Rxh4 56. c4 Rh1+ 57. Ka2 Qe4 58. Qd8+ Kg7 59. Bxa4 Qxc4+ 60. Bb3
Qe4 61. a4 Qe5 62. Bc4 Rh2 63. Qb6 Qe4 64. Qb5 Rh4 65. Bb3 f4 66. a5 f3 67. a6
f2 68. Bd1 Rh1 69. Qe2 Qxd5+ 70. b3 f1=Q 0-1

[Event "TCh-CHN Division A 2014"]
[Site "Jiangmen CHN"]
[Date "2014.12.09"]
[Round "22.3"]
[White "Ren, Xiaoyi"]
[Black "Peng, Zhaoqin"]
[Result "1/2-1/2"]
[BlackTitle "GM"]
[WhiteElo "2130"]
[BlackElo "2392"]
[WhiteTeam "Chengdu"]
[BlackTeam "Hebei"]
[WhiteFideId "8608709"]
[BlackFideId "1004786"]
[EventDate "2014.04.12"]

1. d4 Nf6 2. c4 c5 3. d5 e5 4. Nc3 d6 5. e4 Be7 6. Bd3 Nbd7 7. h3 a6 8. Nge2 h5
9. Be3 h4 10. Qc2 Nh7 11. O-O-O Bg5 12. Bxg5 Qxg5+ 13. Kb1 Nhf8 14. g3 Qf6 15.
f4 hxg3 16. f5 Qd8 17. Rdg1 Nf6 18. Nxg3 Bd7 19. Qe2 Rh4 20. Qe1 Rh7 21. h4 Qa5
22. h5 b5 23. Nd1 Qxe1 24. Rxe1 bxc4 25. Bxc4 Bb5 26. Ne3 N8d7 27. b3 Nb6 28.
Kc2 Kd7 29. a4 Bxc4 30. Nxc4 Rb8 31. Rb1 Nc8 32. Kc3 Rb4 33. Rh4 Rh8 34. Rbh1
Rh6 35. Nf1 Nb6 36. Ncd2 Ke7 37. Ne3 Nbd7 38. Nec4 Nb6 39. Na5 Kd7 40. Kc2 Nc8
41. Nc6 Rb7 42. Nc4 Ne7 43. N4a5 Rb6 44. Nc4 Rb7 45. N4a5 Rb6 46. Nxe7 Kxe7 47.
Nc6+ Ke8 48. Kc3 Rh8 49. Kc4 Rh6 50. R1h2 Rb7 51. R2h3 Kd7 52. a5 Rb5 53. Rh2
Ke8 54. Rh1 Kd7 55. R1h2 Ke8 56. R2h3 Kd7 57. Rh2 1/2-1/2

[Event "TCh-CHN Division A 2014"]
[Site "Jiangmen CHN"]
[Date "2014.12.09"]
[Round "22.3"]
[White "Li, Yunshan"]
[Black "Zhai, Mo"]
[Result "0-1"]
[WhiteTitle "WFM"]
[BlackTitle "WIM"]
[WhiteElo "1951"]
[BlackElo "2325"]
[WhiteTeam "Chengdu"]
[BlackTeam "Hebei"]
[WhiteFideId "8607664"]
[BlackFideId "8600201"]
[EventDate "2014.04.12"]

1. d4 Nf6 2. c4 e6 3. g3 d5 4. Nf3 Be7 5. Bg2 O-O 6. Qc2 c5 7. O-O cxd4 8. Nxd4
Nc6 9. Nxc6 bxc6 10. b3 Ba6 11. Nd2 Qb6 12. Bb2 Rfd8 13. Nf3 Rac8 14. Ne5 Bb7
15. Rad1 d4 16. Rfe1 Qa5 17. Nd3 e5 18. e4 Rb8 19. Bc1 Bc8 20. Bd2 Qc7 21. Nxe5
Qxe5 22. Bf4 Qa5 23. Bxb8 d3 24. Qb1 Bg4 25. f3 Rxb8 26. fxg4 Nxg4 27. Rf1 d2
28. Qd3 Qh5 29. h3 Bc5+ 30. Kh1 Nf2+ 31. Rxf2 Qxd1+ 32. Rf1 Qe1 33. Kh2 Rf8 34.
Qd7 Qe2 35. Kh1 Bf2 36. Rb1 Qe1+ 0-1

[Event "TCh-CHN Division A 2014"]
[Site "Jiangmen CHN"]
[Date "2014.12.09"]
[Round "22.4"]
[White "Lu, Shanglei"]
[Black "Malakhov, Vladimir"]
[Result "0-1"]
[WhiteTitle "GM"]
[BlackTitle "GM"]
[WhiteElo "2566"]
[BlackElo "2708"]
[WhiteTeam "Zhejiang"]
[BlackTeam "Tianjing"]
[WhiteFideId "8603332"]
[BlackFideId "4120787"]
[EventDate "2014.04.12"]

1. Nc3 Nf6 2. e4 e5 3. g3 d5 4. exd5 Nxd5 5. Bg2 Nxc3 6. bxc3 Bd6 7. Nf3 Nc6 8.
O-O O-O 9. d4 Bf5 10. Rb1 Rb8 11. Re1 exd4 12. Nh4 Be6 13. cxd4 Bb4 14. Re4 Bd5
15. Nf5 Bxe4 16. Bxe4 Re8 17. Qg4 Qf6 18. c3 Bxc3 19. Nh6+ Kh8 20. Bg5 Rxe4 21.
Qxe4 Qe6 22. Nxf7+ Qxf7 23. Qxc6 Bxd4 24. Qc2 c5 0-1

[Event "TCh-CHN Division A 2014"]
[Site "Jiangmen CHN"]
[Date "2014.12.09"]
[Round "22.4"]
[White "Ding, Liren"]
[Black "Ma, Qun"]
[Result "1-0"]
[WhiteTitle "GM"]
[BlackTitle "GM"]
[WhiteElo "2730"]
[BlackElo "2621"]
[WhiteTeam "Zhejiang"]
[BlackTeam "Tianjing"]
[WhiteFideId "8603677"]
[BlackFideId "8603154"]
[EventDate "2014.04.12"]

1. c4 c6 2. Nf3 d5 3. e3 Nf6 4. Nc3 g6 5. d4 Bg7 6. Be2 O-O 7. O-O Be6 8. b3 Ne4
9. Nxe4 dxe4 10. Ng5 Bf5 11. g4 e5 12. h4 exd4 13. gxf5 d3 14. Ba3 Bxa1 15. Bxf8
Qxf8 16. Bxd3 exd3 17. Qxa1 Nd7 18. Qd4 Nc5 19. b4 Na4 20. Qxd3 Qxb4 21. Rd1 Nb6
22. h5 Qe7 23. f4 h6 24. Ne4 gxf5 25. Nd6 Kh8 26. Nxf5 Rg8+ 27. Kf2 Qf6 28. Qd4
Qxd4 29. Rxd4 Re8 30. Nxh6 Kg7 31. Nf5+ Kg8 32. Nd6 c5 33. Nxe8 cxd4 34. Nd6
dxe3+ 35. Kxe3 Nd7 36. Nxb7 Nf6 37. c5 Kf8 38. h6 Ng4+ 39. Ke4 Nxh6 40. Nd6 1-0

[Event "TCh-CHN Division A 2014"]
[Site "Jiangmen CHN"]
[Date "2014.12.09"]
[Round "22.4"]
[White "Khotenashvili, Bela"]
[Black "Zhu, Jiner"]
[Result "1-0"]
[WhiteTitle "GM"]
[WhiteElo "2504"]
[BlackElo "1922"]
[WhiteTeam "Tianjing"]
[BlackTeam "Zhejiang"]
[WhiteFideId "13602640"]
[BlackFideId "8608059"]
[EventDate "2014.04.12"]

1. d4 Nf6 2. c4 g6 3. Nc3 Bg7 4. e4 d6 5. h3 O-O 6. Nf3 e5 7. d5 a5 8. g4 Na6 9.
Be3 Qe7 10. a3 Bd7 11. Nd2 Rfd8 12. Be2 Be8 13. h4 Nd7 14. h5 c6 15. Kf1 g5 16.
Kg2 Ndc5 17. h6 Bf8 18. Nf1 f6 19. Ng3 Bg6 20. b3 Qe8 21. Rb1 Nd7 22. Nf5 Bxf5
23. exf5 Rdc8 24. dxc6 bxc6 25. Bf3 Ndc5 26. b4 axb4 27. axb4 e4 28. Be2 Nd3 29.
Bxd3 exd3 30. Qxd3 d5 31. c5 Rcb8 32. Qd4 Qf7 33. f4 gxf4 34. Bxf4 Rxb4 35. Rxb4
Bxc5 36. Rb8+ Rxb8 37. Qd2 Re8 38. Ne2 Qe7 39. Ng3 Bb4 40. Qb2 Bd6 41. Bxd6 Qxd6
42. g5 Re3 43. Qf2 d4 44. g6 Qd5+ 45. Kh2 Ra3 46. Re1 Nc7 47. Nh5 Qd6+ 48. Qf4
Qxf4+ 49. Nxf4 Rf3 50. Re4 c5 51. Kg2 Re3 52. Rxe3 dxe3 53. Kf3 Ne8 54. Nd5 hxg6
55. fxg6 f5 56. Kxe3 c4 57. Kf4 c3 58. Nxc3 Nf6 59. Kxf5 1-0

[Event "TCh-CHN Division A 2014"]
[Site "Jiangmen CHN"]
[Date "2014.12.09"]
[Round "22.4"]
[White "Ni, Shiqun"]
[Black "Ding, Yixin"]
[Result "1-0"]
[WhiteTitle "WIM"]
[BlackTitle "WGM"]
[WhiteElo "2262"]
[BlackElo "2440"]
[WhiteTeam "Tianjing"]
[BlackTeam "Zhejiang"]
[WhiteFideId "8608466"]
[BlackFideId "8602972"]
[EventDate "2014.04.12"]

1. e4 c5 2. Nf3 e6 3. d4 cxd4 4. Nxd4 a6 5. Nc3 b5 6. Bd3 Qb6 7. Nf3 Bb7 8. O-O
d6 9. a4 b4 10. a5 Qc7 11. Na4 Nd7 12. Be3 Ngf6 13. Nb6 Nxb6 14. Bxb6 Qb8 15. c3
Nxe4 16. Qa4+ Ke7 17. cxb4 Nf6 18. Qd1 Ke8 19. Qa4+ Ke7 20. Rac1 Nd5 21. b5 axb5
22. Qh4+ f6 23. Nd4 g6 24. Qe4 e5 25. Nc6+ Bxc6 26. Rxc6 Nxb6 27. Rxb6 Qd8 28.
Qb7+ Ke6 29. Be4 Rc8 30. Qd5+ Ke7 31. Rb7+ Rc7 32. a6 Bh6 33. a7 1-0

[Event "TCh-CHN Division A 2014"]
[Site "Jiangmen CHN"]
[Date "2014.12.09"]
[Round "22.5"]
[White "Zhao, Jun"]
[Black "Zeng, Chongsheng"]
[Result "0-1"]
[WhiteTitle "GM"]
[BlackTitle "GM"]
[WhiteElo "2578"]
[BlackElo "2540"]
[WhiteTeam "Shandong"]
[BlackTeam "Guangdong"]
[WhiteFideId "8602522"]
[BlackFideId "8603847"]
[EventDate "2014.04.12"]

1. Nf3 Nf6 2. c4 e6 3. b3 b6 4. g3 Bb7 5. Bg2 g6 6. Bb2 Bg7 7. O-O O-O 8. d4 c5
9. Nc3 Ne4 10. Nb1 Nf6 11. Nc3 Ne4 12. Rc1 f5 13. e3 d6 14. Qe2 Qe7 15. Nxe4
Bxe4 16. Rfd1 Nc6 17. Bh3 Nd8 18. Bg2 Nf7 19. Rd2 g5 20. h4 cxd4 21. Bxd4 Bxd4
22. exd4 h6 23. Qe3 Rac8 24. Re2 Qf6 25. Rd2 Qe7 26. Re2 Qf6 27. hxg5 hxg5 28.
Ne1 Bxg2 29. Nxg2 e5 30. dxe5 dxe5 31. f3 Kg7 32. f4 exf4 33. gxf4 Rce8 34. Qf2
g4 35. Rd1 Rh8 36. Rxe8 Rxe8 37. Qd4 Re2 38. Kf1 Rxa2 39. Nh4 Qxd4 40. Rxd4 Kf6
41. Rd5 Ra5 42. Rxa5 bxa5 43. Ng2 Nd6 44. Ne3 Ne4 45. Ke2 Nc5 46. Nd5+ Ke6 47.
b4 axb4 48. Nxb4 a5 49. Nc6 a4 50. Nd4+ Kf6 51. Nc2 Kg6 52. Kf2 Kh5 53. Kg3 Ne4+
54. Kg2 Kg6 55. Na3 Kf6 56. Nb5 Ke6 57. Nd4+ Kd6 58. Nxf5+ Kc5 0-1

[Event "TCh-CHN Division A 2014"]
[Site "Jiangmen CHN"]
[Date "2014.12.09"]
[Round "22.5"]
[White "Wen, Yang"]
[Black "Li, Shilong"]
[Result "1/2-1/2"]
[WhiteTitle "GM"]
[BlackTitle "GM"]
[WhiteElo "2586"]
[BlackElo "2495"]
[WhiteTeam "Shandong"]
[BlackTeam "Guangdong"]
[WhiteFideId "8602956"]
[BlackFideId "8600678"]
[EventDate "2014.04.12"]

1. d4 Nf6 2. Bg5 e6 3. e4 h6 4. Bxf6 Qxf6 5. c3 d6 6. Bd3 e5 7. Ne2 g6 8. O-O
Bg7 9. f4 exd4 10. Nxd4 O-O 11. Nd2 Nd7 12. Nc4 Qe7 13. Qf3 a6 14. Ne3 Nf6 15.
Rae1 c6 16. Kh1 Bd7 17. Nc4 c5 18. Nc2 Bc6 19. Na5 Qc7 20. Nxc6 Qxc6 21. Ne3
Rae8 22. Nd5 c4 23. Bc2 Nxd5 24. exd5 Qb6 25. Rxe8 Rxe8 26. f5 Qe3 27. Qd1 Qg5
28. Qf3 Qe3 29. Qd1 Qg5 30. Qf3 1/2-1/2

[Event "TCh-CHN Division A 2014"]
[Site "Jiangmen CHN"]
[Date "2014.12.09"]
[Round "22.5"]
[White "Bu, Xiangzhi"]
[Black "Liu, Chang"]
[Result "1-0"]
[WhiteTitle "GM"]
[WhiteElo "2707"]
[BlackElo "2368"]
[WhiteTeam "Shandong"]
[BlackTeam "Guangdong"]
[WhiteFideId "8601445"]
[BlackFideId "8606340"]
[EventDate "2014.04.12"]

1. d4 Nf6 2. c4 g6 3. Nc3 Bg7 4. e4 d6 5. Nf3 O-O 6. Be2 c5 7. O-O cxd4 8. Nxd4
Nc6 9. Nc2 Be6 10. f3 Rc8 11. Rb1 a6 12. b3 Nd7 13. Nd5 Bxd5 14. Qxd5 Qa5 15.
Qxa5 Nxa5 16. Rd1 Nc6 17. Be3 Nc5 18. a3 a5 19. Bf1 Rc7 20. Bf2 Rd8 21. g3 e6
22. f4 Rcd7 23. Bg2 f5 24. exf5 gxf5 25. Nd4 Nxd4 26. Bxd4 Bxd4+ 27. Rxd4 Kf7
28. b4 axb4 29. axb4 Na6 30. Kf2 Ke7 31. Bf3 Rb8 32. g4 fxg4 33. Bxg4 Rf8 34.
Kg3 Rf6 35. Re1 Nc7 36. f5 Rd8 37. h4 Rg8 38. Kh2 e5 39. Bh3 Kd7 40. Rxe5 Ra8
41. Re2 Ra4 42. c5 Nb5 43. Rg4 dxc5 44. Rg7+ Kc6 45. Bg2+ Kd6 46. bxc5+ Kxc5 47.
Re5+ Kc4 48. Bf1+ Kc3 49. Rg3+ Kc2 50. Bd3+ 1-0

[Event "TCh-CHN Division A 2014"]
[Site "Jiangmen CHN"]
[Date "2014.12.09"]
[Round "22.5"]
[White "Liu, Manli CHN"]
[Black "Xiao, Yiyi"]
[Result "1/2-1/2"]
[BlackTitle "WFM"]
[WhiteElo "1988"]
[BlackElo "2248"]
[WhiteTeam "Guangdong"]
[BlackTeam "Shandong"]
[WhiteFideId "8608121"]
[BlackFideId "8606161"]
[EventDate "2014.04.12"]

1. e4 c5 2. Nf3 Nc6 3. Nc3 g6 4. d4 cxd4 5. Nxd4 Bg7 6. Be3 Nf6 7. Bc4 O-O 8. f3
d6 9. Qd2 Bd7 10. O-O-O Rc8 11. Bb3 Nxd4 12. Bxd4 b5 13. Nd5 Nxd5 14. Bxg7 Kxg7
15. Bxd5 a5 16. a3 Qb6 17. h4 h5 18. g4 Rh8 19. Qf4 e6 20. Bb3 a4 21. Ba2 Qc5
22. c3 Rc6 23. Kb1 Bc8 24. g5 Rf8 25. Qf6+ Kg8 26. Rd4 Qb6 27. Rhd1 Qc7 28. R4d2
Re8 29. Ka1 Qb6 30. Rd4 Qc7 31. f4 Qd8 32. Qxd8 Rxd8 33. c4 bxc4 34. Bxc4 Ba6
35. Bxa6 Rxa6 36. Ka2 Kf8 37. Rc1 Rd7 38. Rc8+ Ke7 39. Rcc4 Rda7 40. Kb1 e5 41.
fxe5 dxe5 42. Rd5 Ra5 43. Rc7+ Rxc7 44. Rxa5 Rc4 45. Rxe5+ Kd6 46. Re8 Kd7 47.
Rb8 Rxe4 48. Rb4 Rg4 49. Kc2 Kd6 50. b3 Rg2+ 51. Kd1 axb3 52. Rxb3 Ke5 53. Rb4
Ra2 54. a4 f5 55. gxf6 Kxf6 56. Ke1 g5 1/2-1/2

[Event "TCh-CHN Division A 2014"]
[Site "Jiangmen CHN"]
[Date "2014.12.09"]
[Round "22.5"]
[White "Li, Xueyi"]
[Black "Sun, Fanghui"]
[Result "1-0"]
[WhiteElo "2193"]
[BlackElo "2077"]
[WhiteTeam "Guangdong"]
[BlackTeam "Shandong"]
[WhiteFideId "8605912"]
[BlackFideId "8604150"]
[EventDate "2014.04.12"]

1. d4 d5 2. c4 e6 3. Nc3 Nf6 4. Nf3 c6 5. e3 Nbd7 6. Qc2 Bd6 7. g4 Nxg4 8. Rg1
h5 9. h3 Qf6 10. Be2 Nh2 11. Ng5 Ng4 12. f4 Bxf4 13. exf4 Qxd4 14. Rf1 Ne3 15.
Bxe3 Qxe3 16. Rf3 Qd4 17. Rd1 Qc5 18. cxd5 exd5 19. Qd3 Nf6 20. Re3+ Kf8 21. Rg3
Qe7 22. Re3 Ke8 23. Rf3 Qc5 24. Re3+ Kf8 25. Rg3 Qe7 26. Re3 Qb4 27. Qd2 Bf5 28.
a3 Qd6 29. Re5 g6 30. Qd4 Rg8 31. Kd2 c5 32. Qf2 Re8 33. Rxe8+ Nxe8 34. Kc1 Nc7
35. Nge4 Qe7 36. Nxc5 b6 37. Nb3 Bxh3 38. Nd4 Qc5 39. Qh4 Ne6 40. Nxe6+ Bxe6 41.
Qf6 Qe3+ 42. Kb1 h4 43. Qxh4 Kg7 44. Ka1 d4 45. f5 g5 46. Qxd4+ Qxd4 47. Rxd4
Bxf5 48. Nb5 Re8 49. Rd2 Re7 50. Nd6 Bd7 51. Kb1 f5 52. Bb5 Re1+ 53. Kc2 Bxb5
54. Nxb5 g4 55. Rg2 Kf6 56. Kd2 Re5 57. Nc3 Kg5 58. Re2 Rc5 59. Ke1 Rc7 60. Kf2
f4 61. Re5+ Kh4 62. Rf5 f3 63. Rf8 Re7 64. Rh8+ Kg5 65. a4 Kf5 66. Rh5+ Kg6 67.
Rd5 Rf7 68. Ne4 Rc7 69. Nc3 Rf7 70. Nd1 Rh7 71. Kg3 Rc7 72. Ne3 1-0

[Event "TCh-CHN Division A 2014"]
[Site "Jiangmen CHN"]
[Date "2014.12.09"]
[Round "22.6"]
[White "Cori, Jorge"]
[Black "Yu, Ruiyuan"]
[Result "0-1"]
[WhiteTitle "GM"]
[BlackTitle "GM"]
[WhiteElo "2609"]
[BlackElo "2552"]
[WhiteTeam "Qingdao Experimental School"]
[BlackTeam "Jiangsu"]
[WhiteFideId "3802272"]
[BlackFideId "8603090"]
[EventDate "2014.04.12"]

1. d4 d5 2. c4 c6 3. Nc3 Nf6 4. e3 g6 5. Nf3 Bg7 6. Be2 O-O 7. O-O Bg4 8. b3
Nbd7 9. Bb2 e6 10. h3 Bxf3 11. Bxf3 Re8 12. Qc2 Rc8 13. Rfd1 Qa5 14. a3 e5 15.
cxd5 cxd5 16. b4 Qa6 17. Be2 Qe6 18. dxe5 Nxe5 19. Rac1 a6 20. Ra1 Ned7 21. Rac1
Ne5 22. Ba1 Rc7 23. Qb1 Rec8 24. Na4 Ne4 25. Nc5 Nxc5 26. Rxc5 Rxc5 27. bxc5 Nc4
28. Bg4 f5 29. Bf3 Rxc5 30. Bxg7 Kxg7 31. Qxb7+ Kh6 32. Bxd5 Qd6 33. Bf3 Nd2 34.
Be2 a5 35. g3 Rc2 36. a4 Qc5 37. Qb8 Qb4 38. Qd8 Rb2 39. Kg2 Qe4+ 40. Kg1 Qb4
41. Qf6 Rb1 42. g4 Rxd1+ 43. Bxd1 Ne4 44. g5+ Nxg5 45. Kh2 Ne4 46. Qh4+ Kg7 47.
Bf3 Nd2 0-1

[Event "TCh-CHN Division A 2014"]
[Site "Jiangmen CHN"]
[Date "2014.12.09"]
[Round "22.6"]
[White "Mu, Ke"]
[Black "Navara, David"]
[Result "0-1"]
[BlackTitle "GM"]
[WhiteElo "2413"]
[BlackElo "2727"]
[WhiteTeam "Qingdao Experimental School"]
[BlackTeam "Jiangsu"]
[WhiteFideId "8602778"]
[BlackFideId "309095"]
[EventDate "2014.04.12"]

1. d4 Nf6 2. c4 e6 3. Nc3 Bb4 4. e3 O-O 5. Ne2 d5 6. a3 Bd6 7. c5 Be7 8. Nf4 c6
9. b4 Nbd7 10. Bb2 b6 11. Be2 Qc7 12. Nd3 Ba6 13. O-O Bc4 14. f4 Rfb8 15. Rb1
Qc8 16. Ne5 Bxe2 17. Qxe2 bxc5 18. bxc5 Bd8 19. Nxd7 Qxd7 20. Qa6 Qb7 21. Qd3
Qb3 22. Bc1 Qc4 23. Qxc4 dxc4 24. Rb4 Rxb4 25. axb4 Rb8 26. Bd2 Rxb4 27. Ra1 Rb2
28. Be1 a5 29. h3 h5 30. Nd1 Rc2 31. Rb1 Ne4 32. Kf1 Kh7 33. Rb8 Bf6 34. Rb6 c3
35. Rb3 Rc1 0-1